000 00305nam a2200133Ia 4500
008 231129s1981||||xx |||||||||||||| ||spa||
040 _bspa
082 _aU813 S534c
100 _aShaw Irwin
245 0 _aLa cima de la colina
260 _c1981
264 _aCí­rculo de Lectores
942 _2ddc
_cBKS
999 _c16631
_d16631